000 00608nam a2200253Ia 4500
003 OSt
005 20220918185235.0
006 a|||||r|||| 00| 0
007 ta
008 220917b |||||||| |||| 00| 0 eng d
024 _a50,260
037 _cTextual
040 _aARTS
_cARTS
_beng
041 _2eng
_aeng
082 _aP,3, K7;N0
100 _aLewis C S
_912404
245 0 _aStudies in words
250 _a2nd
260 _aCambridge
_bC U P
_c1990
300 _a343p.
_ccm.
650 _aLINGUISTICS
942 _hP,3, K7;N0
_cTEXL
_2CC
999 _c179857
_d179857